zpět

Detail výsledku týmu

Tyršovka, Ústí nad Labem

Datum a čas kvízu

26 Celkem bodů Celkový počet nahraných bodů na tomto kvízu bez doplňovacích otázek.
7. Pořadí na kvízu Konečné umístění týmu na tomto kvízu.

Zaznamenané odpovědi

# Otázka Odpověď Body Výsledky
1. O konfliktu prezidenta Pavla s... D 0
2. Která velká evropská země schv... Francie 1
3. Která moderátorka oznámila, že... Lucie Výborná 0
4. Která značka představila minul... Jawa 0
5. Brankář Anatolij Trubin v posl... Benfica Lisabon 0
6. Na obrázku níže můžete vidět d... Drákula a Frankenstein 0.5
7. Co by to bylo za hororové téma... C 0
8. Ze které (převážně videoherní)... Resident Evil 1
9. Přiřaďte herce a herečky k jej... 1D 2A 3B 4C 1
10. Čím je inspirován česko-americ... D 1